[Event "Rated Blitz game"]
[Site "?"]
[Date "2021.05.26"]
[Round "?"]
[White "Kojnak7"]
[Black "liaqat321"]
[Result "1-0"]
[WhiteElo "2406"]
[BlackElo "2343"]
[PlyCount "129"]
[EventDate "2021.??.??"]
[EventType "blitz"]

1. e4 e5 2. Nf3 d5 3. d4 dxe4 4. Nxe5 Bd6 5. Nc4 Nf6 6. Be2 Bf5 7. Nc3 O-O 8.
Nxd6 Qxd6 9. O-O Nc6 10. Be3 Rae8 11. h3 Rd8 12. Qd2 Nxd4 13. Rfd1 c5 14. Bc4
Qe5 15. Bf4 Qe7 16. Qc1 a6 17. a4 h6 18. Kh1 g5 19. Be3 Bg6 20. Rd2 Rd7 21. Qe1
Rfd8 22. Rad1 Nh5 23. Nd5 Qe5 24. c3 Nf5 25. Bxc5 Nf4 26. Ne7+ Qxe7 27. Rxd7
Qxd7 28. Rxd7 Rxd7 29. Be3 Nd3 30. Bxd3 exd3 31. Bd2 Re7 32. Qc1 Re2 33. Kg1
Nd6 34. b3 Ne4 35. Be3 d2 36. Bxd2 Rxd2 37. f3 Re2 38. fxe4 Bxe4 39. Qd1 Rxg2+
40. Kf1 f5 41. Qd8+ Kf7 42. Qd7+ Kg6 43. Qe8+ Kf6 44. h4 Rc2 45. Qh8+ Kg6 46.
Qe8+ Kf6 47. h5 Rg2 48. Qg6+ Ke5 49. Qg7+ Kf4 50. Qxh6 Rh2 51. Qd6+ Kf3 52.
Qd1+ Kg3 53. Qd6+ Kh3 54. h6 Rh1+ 55. Kf2 Kg4 56. Qg6 Rh3 57. h7 Rh2+ 58. Ke3
Rh3+ 59. Kd4 Rd3+ 60. Kc4 Re3 61. h8=Q f4 62. Qhh5+ Kg3 63. Qhxg5+ Kf2 64. Qg1+
Ke2 65. Q6g2+ {Time forfeit} 1-0

[Event "Rated Blitz game"]
[Site "?"]
[Date "2021.05.26"]
[Round "?"]
[White "papagayam"]
[Black "annaly1979"]
[Result "0-1"]
[WhiteElo "2515"]
[BlackElo "2465"]
[PlyCount "82"]
[EventDate "2021.??.??"]
[EventType "blitz"]

1. e4 e5 2. Nf3 d5 3. exd5 e4 4. Ng1 f5 5. d4 Nf6 6. Nc3 Bd6 7. f3 O-O 8. fxe4
Nxe4 9. Nxe4 fxe4 10. g3 Qf6 11. Qe2 Qxd4 12. c3 Qxd5 13. Bd2 Nc6 14. Qb5 Be6
15. Qxd5 Bxd5 16. Be3 Ne5 17. Be2 a5 18. Nh3 Nd3+ 19. Bxd3 exd3 20. Rf1 Rxf1+
21. Kxf1 Rf8+ 22. Nf2 c5 23. b3 b5 24. Ke1 c4 25. bxc4 bxc4 26. Kd2 Be5 27. Rb1
Rb8 28. Rxb8+ Bxb8 29. Nd1 Kf7 30. Bb6 a4 31. Nb2 a3 32. Nd1 Bd6 33. Ne3 Be6
34. Bd4 g5 35. Ng2 h5 36. Ne1 Bd5 37. Ke3 Ke6 38. Kd2 Kf5 39. Ke3 h4 40. gxh4
Bf4+ 41. Kf2 d2 {Normal} 0-1

[Event "Rated Blitz game"]
[Site "?"]
[Date "2021.05.26"]
[Round "?"]
[White "luciferfromvenus"]
[Black "jsequera"]
[Result "1-0"]
[WhiteElo "2455"]
[BlackElo "2436"]
[PlyCount "41"]
[EventDate "2021.??.??"]
[EventType "blitz"]

1. e4 e5 2. Nf3 d5 3. exd5 e4 4. Qe2 f5 5. d3 Nf6 6. Bg5 Be7 7. Bxf6 Bxf6 8.
Nc3 O-O 9. dxe4 Bxc3+ 10. bxc3 fxe4 11. Qxe4 Re8 12. Ne5 Nd7 13. f4 Nf6 14. Qd4
Bf5 15. Bc4 Qd6 16. O-O Rad8 17. Rad1 Bxc2 18. Rd2 Be4 19. Rfd1 Bxd5 20. Bxd5+
Qxd5 21. Qxd5+ {Normal} 1-0

[Event "Rated Blitz game"]
[Site "?"]
[Date "2021.05.26"]
[Round "?"]
[White "divergent_twin"]
[Black "TheMonsterNotTheNM"]
[Result "1-0"]
[WhiteElo "2481"]
[BlackElo "2478"]
[PlyCount "75"]
[EventDate "2021.??.??"]
[EventType "blitz"]

1. e4 e5 2. Nf3 d5 3. Nxe5 Bd6 4. d4 dxe4 5. Bc4 Bxe5 6. Qh5 Qe7 7. Qxe5 Qxe5
8. dxe5 Nc6 9. Nc3 Bf5 10. Bf4 O-O-O 11. Bxf7 Nge7 12. Bg3 Rhf8 13. e6 Nd4 14.
O-O-O Nxe6 15. Rxd8+ Nxd8 16. Bb3 Nec6 17. Nb5 Ne6 18. Re1 Nc5 19. Nxc7 Nxb3+
20. axb3 g5 21. Nb5 Kd7 22. Rd1+ Ke6 23. Nd6 b6 24. Re1 h5 25. Nxe4 Bxe4 26.
Rxe4+ Kf5 27. f3 h4 28. Bf2 h3 29. g4+ Kf6 30. Kd2 Rd8+ 31. Ke2 Kf7 32. Be3 Rg8
33. Kf2 Ne7 34. c4 Nc6 35. Kg3 Nb4 36. Kxh3 Nd3 37. Kg3 Nxb2 38. h4 {Time
forfeit} 1-0

[Event "Rated Blitz game"]
[Site "?"]
[Date "2021.05.26"]
[Round "?"]
[White "Ecclesiastes_Gamer"]
[Black "KinzyabulatovRenat"]
[Result "1-0"]
[WhiteElo "2436"]
[BlackElo "2354"]
[PlyCount "89"]
[EventDate "2021.??.??"]
[EventType "blitz"]

1. e4 e5 2. Nf3 d5 3. Nxe5 Bd6 4. d4 dxe4 5. Nc3 Bxe5 6. dxe5 Qxd1+ 7. Nxd1 Nc6
8. Bf4 Nge7 9. Bb5 Bd7 10. Bg3 Ng6 11. Nc3 a6 12. Ba4 b5 13. Bb3 Ngxe5 14. Nxe4
O-O 15. O-O-O Rad8 16. Rhe1 Bf5 17. Rxd8 Rxd8 18. Nc5 Re8 19. f4 Nd4 20. Rxe5
Nxb3+ 21. axb3 Rxe5 22. fxe5 Bc8 23. e6 fxe6 24. Bxc7 Kf7 25. Kd2 Kf6 26. Ke3
Kf5 27. b4 e5 28. c3 g5 29. Nd3 e4 30. Nc5 h5 31. Nxe4 g4 32. Nd6+ Ke6 33. Nxc8
Kd7 34. Be5 Kxc8 35. Kf4 Kd7 36. Kg5 Ke6 37. Bd4 Kd5 38. Kxh5 Kc4 39. Kxg4 Kb3
40. h4 Kxb2 41. c4+ Kb3 42. cxb5 Kxb4 43. bxa6 Kc4 44. a7 Kxd4 45. a8=Q {Normal
} 1-0

[Event "Rated Blitz game"]
[Site "?"]
[Date "2021.05.26"]
[Round "?"]
[White "terrorboy"]
[Black "DarthZannah"]
[Result "0-1"]
[WhiteElo "2464"]
[BlackElo "2513"]
[PlyCount "36"]
[EventDate "2021.??.??"]
[EventType "blitz"]

1. e4 e5 2. Nf3 d5 3. Nxe5 dxe4 4. d4 Nd7 5. Nxd7 Bxd7 6. Bc4 Bd6 7. Nc3 Nf6 8.
Bg5 O-O 9. Qe2 Re8 10. O-O h6 11. Bh4 c6 12. a3 b5 13. Bb3 a5 14. Rad1 b4 15.
axb4 axb4 16. Bxf6 Qxf6 17. Nxe4 Qf4 18. Qh5 Rxe4 {Normal} 0-1

[Event "Rated Blitz game"]
[Site "?"]
[Date "2021.05.26"]
[Round "?"]
[White "Cutthroat27"]
[Black "khalid_ontawar"]
[Result "0-1"]
[WhiteElo "2326"]
[BlackElo "2405"]
[PlyCount "118"]
[EventDate "2021.??.??"]
[EventType "blitz"]

1. e4 e5 2. Nf3 d5 3. exd5 e4 4. Qe2 Nf6 5. Nc3 Bf5 6. Nd4 Bd7 7. d3 Bb4 8.
dxe4 Bxc3+ 9. bxc3 O-O 10. f3 Re8 11. Be3 c6 12. dxc6 Nxc6 13. Qf2 Qa5 14. Qd2
Rad8 15. Bd3 Ne5 16. O-O Bc6 17. Rfb1 Ng6 18. Rb3 a6 19. Rb4 Qc7 20. a4 Nh5 21.
Ne2 Ne5 22. Rd4 Nf6 23. a5 Bb5 24. Rxd8 Rxd8 25. Bb6 Qd7 26. Bxd8 Qxd8 27. Nd4
Bd7 28. f4 Nc6 29. Nxc6 Bxc6 30. Qe3 Qe7 31. Re1 h6 32. Qd4 Ng4 33. h3 Qh4 34.
Rf1 Nf6 35. e5 Nd5 36. Be4 Nc7 37. Bxc6 bxc6 38. Rd1 Nd5 39. c4 Ne7 40. Qd8+
Kh7 41. f5 Qh5 42. f6 Nf5 43. fxg7 Kxg7 44. Qd3 c5 45. Rf1 Nd4 46. e6 Nxe6 47.
Qf5 Qg6 48. Qxg6+ Kxg6 49. Rd1 Nd4 50. c3 Ne2+ 51. Kf2 Nxc3 52. Rd6+ f6 53.
Rxa6 Ne4+ 54. Ke3 Ng5 55. Rc6 Nf7 56. Rxc5 Ne5 57. a6 Nd7 58. Kd4 f5 59. Kd5
Nb6+ {Time forfeit} 0-1

[Event "Rated Blitz game"]
[Site "?"]
[Date "2021.05.26"]
[Round "?"]
[White "terrorboy"]
[Black "DarthZannah"]
[Result "1-0"]
[WhiteElo "2466"]
[BlackElo "2512"]
[PlyCount "95"]
[EventDate "2021.??.??"]
[EventType "blitz"]

1. e4 e5 2. Nf3 d5 3. Nxe5 dxe4 4. d4 Nd7 5. Nc4 Nb6 6. Ne3 f5 7. Nc3 Nf6 8.
Nc4 Be6 9. Ne5 c6 10. f3 Bd6 11. fxe4 Nxe4 12. Nxe4 fxe4 13. Qh5+ g6 14. Qh6
Qf6 15. Bg5 Qf8 16. Qh4 Bf5 17. O-O-O h6 18. Bf6 Rg8 19. g4 Be6 20. Kb1 Nd5 21.
g5 Nxf6 22. gxf6 O-O-O 23. Bh3 Bxh3 24. Qxh3+ Kc7 25. Rhf1 g5 26. f7 Rg7 27.
Qe6 b6 28. Rf6 Bxe5 29. Qxe5+ Kb7 30. Rdf1 Rd7 31. Qe8 Rdxf7 32. Qxf8 Rxf8 33.
Rxf8 e3 34. R8f7+ Rxf7 35. Rxf7+ Kc8 36. Re7 Kd8 37. Rxe3 Kd7 38. Rh3 Kd6 39.
Rxh6+ Kd5 40. c3 Ke4 41. Rh7 Kd3 42. Rxa7 g4 43. Rb7 Ke3 44. Rxb6 Kf3 45. Rxc6
Kg2 46. Rh6 g3 47. hxg3 Kxg3 48. d5 {Normal} 1-0

[Event "Rated Blitz game"]
[Site "?"]
[Date "2021.05.26"]
[Round "?"]
[White "luciferfromvenus"]
[Black "jsequera"]
[Result "1-0"]
[WhiteElo "2457"]
[BlackElo "2435"]
[PlyCount "43"]
[EventDate "2021.??.??"]
[EventType "blitz"]

1. e4 e5 2. Nf3 d5 3. exd5 e4 4. Qe2 f5 5. d3 Nf6 6. Bg5 Be7 7. Bxf6 Bxf6 8.
Nc3 O-O 9. dxe4 Bxc3+ 10. bxc3 fxe4 11. Qxe4 Re8 12. Ne5 Nd7 13. f4 Qf6 14. Bd3
Nxe5 15. Qxh7+ Kf7 16. fxe5 Rxe5+ 17. Kd1 Bg4+ 18. Kc1 Rh5 19. Qe4 Bf5 20. Qf3
Bxd3 21. Qxh5+ Bg6 22. Qf3 {Normal} 1-0

[Event "Rated Blitz tournament 08HMMKNc"]
[Site "?"]
[Date "2021.05.26"]
[Round "?"]
[White "Ryan_B"]
[Black "om_gendut"]
[Result "1-0"]
[WhiteElo "2343"]
[BlackElo "2409"]
[PlyCount "101"]
[EventDate "2021.??.??"]
[EventType "blitz"]

1. e4 e5 2. Nf3 d5 3. Nxe5 Bd6 4. d4 dxe4 5. Nc3 Bxe5 6. dxe5 Qxd1+ 7. Nxd1 Nc6
8. Nc3 Bf5 9. Bb5 Nge7 10. Bf4 O-O-O 11. O-O a6 12. Bxc6 Nxc6 13. Rfe1 Rhe8 14.
Nxe4 Rd4 15. f3 Bxe4 16. Rxe4 Rxe4 17. fxe4 Nxe5 18. Re1 f6 19. h3 Ng6 20. Bg3
Re6 21. Kf2 b6 22. b3 a5 23. c4 Re7 24. h4 h5 25. Kf3 Kb7 26. Rd1 Kc6 27. Rd5
Ne5+ 28. Bxe5 Rxe5 29. Kf4 Rxd5 30. cxd5+ Kc5 31. g4 hxg4 32. Kxg4 g6 33. Kf4
Kd6 34. a4 Kd7 35. e5 Ke7 36. Ke4 Kd7 37. exf6 Ke8 38. Ke5 Kf7 39. Kf4 Kxf6 40.
Kg4 Kf7 41. Kg5 Kg7 42. Kg4 Kf6 43. Kf4 Kf7 44. Ke5 Ke7 45. Kd4 Kf6 46. Ke4 Ke7
47. h5 Kf7 48. h6 Kg8 49. Kf4 Kh7 50. Kg5 c6 51. dxc6 {Time forfeit} 1-0

[Event "Rated Blitz game"]
[Site "?"]
[Date "2021.05.26"]
[Round "?"]
[White "rusty_brain"]
[Black "khalid_ontawar"]
[Result "0-1"]
[WhiteElo "2365"]
[BlackElo "2420"]
[PlyCount "26"]
[EventDate "2021.??.??"]
[EventType "blitz"]

1. e4 e5 2. Nf3 d5 3. exd5 e4 4. Ne5 Qxd5 5. d4 exd3 6. Nxd3 Bd6 7. Nc3 Qe6+ 8.
Be2 Nf6 9. Nf4 Bxf4 10. Bxf4 c6 11. Bd6 Nd5 12. Bxb8 Nxc3 13. Qd6 Qxe2# {Normal
} 0-1

[Event "Rated Blitz game"]
[Site "?"]
[Date "2021.05.26"]
[Round "?"]
[White "molinov"]
[Black "TheMonsterNotTheNM"]
[Result "1-0"]
[WhiteElo "2469"]
[BlackElo "2452"]
[PlyCount "33"]
[EventDate "2021.??.??"]
[EventType "blitz"]

1. e4 e5 2. Nf3 d5 3. exd5 e4 4. Ne5 Qxd5 5. d4 exd3 6. Nxd3 Nc6 7. Nc3 Qa5 8.
Bd2 Nf6 9. Be2 Bd6 10. Ne4 Qe5 11. Nxd6+ Qxd6 12. O-O g5 13. Bc3 Rg8 14. Re1
Bd7 15. Bf3+ Kd8 16. Nc5 Ne8 17. Nxb7+ {Normal} 1-0

[Event "Rated Blitz game"]
[Site "?"]
[Date "2021.05.26"]
[Round "?"]
[White "chess2223"]
[Black "DarthZannah"]
[Result "0-1"]
[WhiteElo "2410"]
[BlackElo "2506"]
[PlyCount "46"]
[EventDate "2021.??.??"]
[EventType "blitz"]

1. e4 e5 2. Nf3 d5 3. Be2 dxe4 4. Nxe5 Qg5 5. Ng4 f5 6. d3 Qd8 7. Ne5 Bd6 8.
Bh5+ g6 9. Nxg6 hxg6 10. Bxg6+ Kf8 11. dxe4 Qf6 12. exf5 Ne7 13. Be3 Nbc6 14.
Nc3 Nxf5 15. Bxf5 Bxf5 16. Qd2 Nb4 17. Bg5 Qe6+ 18. Kf1 Nxc2 19. Rc1 Nb4 20.
Qd4 Kf7 21. Bf6 Qxf6 22. Qc4+ Be6 23. Qd3 Nxd3 {Normal} 0-1

[Event "Rated Blitz game"]
[Site "?"]
[Date "2021.05.26"]
[Round "?"]
[White "gzivan65"]
[Black "KinzyabulatovRenat"]
[Result "0-1"]
[WhiteElo "2414"]
[BlackElo "2360"]
[PlyCount "50"]
[EventDate "2021.??.??"]
[EventType "blitz"]

1. e4 e5 2. Nf3 d5 3. Nxe5 Bd6 4. d4 dxe4 5. Nc4 Nf6 6. Nc3 O-O 7. Bg5 Be7 8.
Qd2 Nc6 9. O-O-O Bg4 10. Be2 Bxe2 11. Nxe2 Nd5 12. Bxe7 Qxe7 13. Nc3 Nxc3 14.
Qxc3 Rad8 15. d5 Nb4 16. Qb3 Nxd5 17. Qxb7 Qc5 18. Ne3 c6 19. Rhe1 Rb8 20. Qa6
Nb4 21. Qa4 Nd3+ 22. Kb1 Rxb2+ 23. Ka1 Qc3 24. Qc4 Rxa2+ 25. Kxa2 Qb2# {Normal}
0-1

[Event "Rated Blitz game"]
[Site "?"]
[Date "2021.05.26"]
[Round "?"]
[White "terrorboy"]
[Black "FourNinetySix"]
[Result "0-1"]
[WhiteElo "2451"]
[BlackElo "2449"]
[PlyCount "62"]
[EventDate "2021.??.??"]
[EventType "blitz"]

1. e4 e5 2. Nf3 d5 3. Nxe5 Bd6 4. d4 dxe4 5. Bf4 Nf6 6. Nc3 O-O 7. Bg3 c5 8.
dxc5 Bxc5 9. Bc4 Qxd1+ 10. Rxd1 Nbd7 11. O-O Nxe5 12. Bxe5 Bg4 13. Rde1 e3 14.
fxe3 Nd7 15. Bd4 Rae8 16. a3 a5 17. Nd5 Be6 18. c3 b5 19. Bxb5 Bxd4 20. exd4
Rb8 21. Bxd7 Bxd5 22. b4 Rfd8 23. Bh3 axb4 24. axb4 Ra8 25. Re5 Ra2 26. Rfe1
Kf8 27. R5e2 Ra3 28. Re3 g6 29. Rc1 f5 30. c4 Rxe3 31. cxd5 Rxd5 {Normal} 0-1

[Event "Rated Blitz game"]
[Site "?"]
[Date "2021.05.26"]
[Round "?"]
[White "RnJlaQ64"]
[Black "TheMonsterNotTheNM"]
[Result "1-0"]
[WhiteElo "2547"]
[BlackElo "2456"]
[PlyCount "123"]
[EventDate "2021.??.??"]
[EventType "blitz"]

1. e4 e5 2. Nf3 d5 3. exd5 e4 4. Qe2 Nf6 5. d3 Be7 6. dxe4 O-O 7. Nc3 c6 8.
dxc6 Nxc6 9. Be3 Qa5 10. Qb5 Bb4 11. Qxa5 Bxa5 12. Bd3 Re8 13. O-O Bxc3 14.
bxc3 Nxe4 15. Nd4 Nxc3 16. Nxc6 bxc6 17. Rfe1 Be6 18. a3 a5 19. f3 Nd5 20. Bc5
Reb8 21. Kf2 a4 22. Rab1 Nc3 23. Rxb8+ Rxb8 24. Ke3 Nd5+ 25. Kd2 Nf4 26. Bf1 h5
27. g3 Nh3 28. Rxe6 fxe6 29. Bxh3 Kf7 30. f4 Rb1 31. Bg2 Rb8 32. Kc3 Kf6 33.
Kc4 Rc8 34. Bd6 g5 35. fxg5+ Kxg5 36. Be4 Kg4 37. Kc5 Kh3 38. c4 Kxh2 39. g4+
Kh3 40. gxh5 Kg4 41. Bg6 Kg5 42. Be7+ Kf4 43. Kb4 e5 44. Kxa4 e4 45. Kb4 e3 46.
Bd6+ Kf3 47. h6 e2 48. Bh5+ Kf2 49. Bxe2 Kxe2 50. Be5 Re8 51. h7 Rb8+ 52. Bxb8
Kd3 53. Kc5 Kc2 54. h8=Q Kb3 55. Qe5 Ka4 56. Qc7 Kb3 57. Qxc6 Kb2 58. Qb5+ Kc2
59. Kd4 Kd2 60. Qb2+ Ke1 61. Ke3 Kf1 62. Qf2# {Normal} 1-0

[Event "Rated Blitz game"]
[Site "?"]
[Date "2021.05.26"]
[Round "?"]
[White "bebeto80"]
[Black "KamranShirazi"]
[Result "0-1"]
[WhiteElo "2382"]
[BlackElo "2566"]
[PlyCount "58"]
[EventDate "2021.??.??"]
[EventType "blitz"]

1. e4 e5 2. Nf3 d5 3. Nxe5 Bd6 4. d4 dxe4 5. Bf4 Nf6 6. Nc3 O-O 7. Bg5 Bf5 8.
Bc4 Nc6 9. Nxc6 bxc6 10. Qd2 Rb8 11. Bb3 a5 12. h3 h6 13. Bf4 Rb4 14. Rd1 Nd5
15. Bxd5 cxd5 16. Bxd6 Qxd6 17. b3 Bd7 18. a4 f5 19. Ne2 f4 20. Qc3 f3 21. gxf3
exf3 22. Ng3 Re8+ 23. Kd2 Qf4+ 24. Kd3 Bf5+ 25. Nxf5 Qxf5+ 26. Kd2 Qf4+ 27. Kd3
Re2 28. Qb2 c5 29. Kc3 cxd4+ {Normal} 0-1

[Event "Rated Blitz game"]
[Site "?"]
[Date "2021.05.26"]
[Round "?"]
[White "KoronaVirusMaster"]
[Black "StreetDancer3d2020"]
[Result "0-1"]
[WhiteElo "2456"]
[BlackElo "2442"]
[PlyCount "52"]
[EventDate "2021.??.??"]
[EventType "blitz"]

1. e4 e5 2. Nf3 d5 3. exd5 e4 4. Qe2 Nf6 5. Nc3 Be7 6. Nxe4 Nxd5 7. d3 O-O 8.
Qd1 c5 9. Be2 Nc6 10. O-O Bf5 11. Ng3 Bg6 12. Re1 Re8 13. c3 h5 14. h3 Qc7 15.
Ne4 Rad8 16. Qc2 Ne5 17. Nxe5 Qxe5 18. Bf1 f5 19. f4 Qe6 20. Qb3 fxe4 21. dxe4
Bxe4 22. Bd3 c4 23. Bxc4 Qg6 24. Bf1 Bc2 25. Qxb7 Bc5+ 26. Kh1 Rxe1 {Normal}
0-1

[Event "Rated Blitz game"]
[Site "?"]
[Date "2021.05.26"]
[Round "?"]
[White "Nikita_Sannikov"]
[Black "TheMonsterNotTheNM"]
[Result "1-0"]
[WhiteElo "2468"]
[BlackElo "2477"]
[PlyCount "111"]
[EventDate "2021.??.??"]
[EventType "blitz"]

1. e4 e5 2. Nf3 d5 3. Nxe5 Bd6 4. Nf3 dxe4 5. Qe2 Nf6 6. d3 O-O 7. dxe4 Nxe4 8.
Be3 Nc6 9. Nbd2 Bf5 10. O-O-O Nb4 11. a3 Nxc2 12. Nxe4 Bxe4 13. Qc4 Nxe3 14.
fxe3 Bxf3 15. gxf3 Re8 16. Qd3 Qe7 17. e4 Bf4+ 18. Kb1 Rad8 19. Qc2 Rxd1+ 20.
Qxd1 Rd8 21. Qb3 c6 22. Bd3 Rd4 23. Bc2 b5 24. h4 a5 25. Qc3 Qd6 26. Qxa5 h5
27. Rg1 g6 28. Bb3 Kg7 29. Qa7 Qf6 30. Qc5 Rd2 31. Bc2 Be5 32. f4 Bxf4 33. Qxh5
Be5 34. Qg5 Bxb2 35. Qxd2 Bxa3 36. Bb3 c5 37. Rd1 c4 38. Bxc4 bxc4 39. Qd4 Qxd4
40. Rxd4 c3 41. Kc2 Bb2 42. Kd3 Kf6 43. Rd5 Ke6 44. Rb5 Kf6 45. h5 gxh5 46.
Rxh5 Ke6 47. Rf5 f6 48. Rb5 Ke7 49. Rc5 Ke6 50. Kc4 Ke7 51. Kd5 Kf7 52. Rc7+
Kg6 53. Ke6 Kg5 54. Rc4 Kg6 55. Rc5 Kg7 56. Kf5 {Time forfeit} 1-0

[Event "Rated Blitz game"]
[Site "?"]
[Date "2021.05.26"]
[Round "?"]
[White "Emanuelsantos"]
[Black "GoughPhar"]
[Result "0-1"]
[WhiteElo "2321"]
[BlackElo "2426"]
[PlyCount "100"]
[EventDate "2021.??.??"]
[EventType "blitz"]

1. e4 e5 2. Nf3 d5 3. exd5 e4 4. Qe2 Nf6 5. d3 Qxd5 6. dxe4 Nxe4 7. Nc3 Bb4 8.
Bd2 Bxc3 9. Bxc3 O-O 10. Rd1 Nxc3 11. Rxd5 Nxe2 12. Bxe2 Re8 13. Rd2 Nc6 14.
O-O Bg4 15. h3 Bh5 16. c3 h6 17. Rfd1 Re7 18. g4 Bg6 19. Bb5 Be4 20. Nd4 Nxd4
21. Rxd4 c6 22. Bf1 Bd5 23. Bg2 Bxa2 24. Rd7 Rae8 25. Rd8 Be6 26. R8d4 g6 27.
f4 Kg7 28. Kf2 Kf6 29. R1d2 h5 30. Kg3 hxg4 31. hxg4 g5 32. f5 Bc8 33. Rd6+ Ke5
34. R2d4 Bxf5 35. gxf5 Kxf5 36. Rd7 Kg6 37. b4 f5 38. R4d6+ Kh5 39. b5 f4+ 40.
Kf2 Re2+ 41. Kg1 Kg4 42. Rf7 cxb5 43. Bxb7 Re1+ 44. Kh2 R8e2+ 45. Bg2 a5 46.
Rd3 Rc2 47. Rh7 Ree2 48. Kh1 Rxg2 49. Rd1 a4 50. Rh6 a3 {Time forfeit} 0-1

[Event "Rated Rapid game"]
[Site "?"]
[Date "2021.05.26"]
[Round "?"]
[White "danipeb94"]
[Black "Gmjaknour"]
[Result "0-1"]
[WhiteElo "2314"]
[BlackElo "2441"]
[PlyCount "22"]
[EventDate "2021.??.??"]
[EventType "rapid"]

1. e4 e5 2. Nf3 d5 3. exd5 e4 4. Qe2 Nf6 5. Nc3 Bb4 6. Nxe4 O-O 7. c3 Nxe4 8.
cxb4 Qxd5 9. g3 Nd6 10. Bg2 Re8 11. O-O Rxe2 {Normal} 0-1

[Event "Rated Blitz game"]
[Site "?"]
[Date "2021.05.26"]
[Round "?"]
[White "Apple1600"]
[Black "GrandeGila"]
[Result "0-1"]
[WhiteElo "2533"]
[BlackElo "2437"]
[PlyCount "40"]
[EventDate "2021.??.??"]
[EventType "blitz"]

1. e4 e5 2. Nf3 d5 3. exd5 e4 4. Qe2 Nf6 5. d3 Qxd5 6. Nc3 Bb4 7. Bd2 Bxc3 8.
Bxc3 O-O 9. dxe4 Nxe4 10. Qc4 Nxc3 11. Qxc3 Re8+ 12. Be2 Nc6 13. Rd1 Qb5 14.
Rd2 Bg4 15. Kd1 Qb6 16. Bc4 Ne5 17. Kc1 Bxf3 18. gxf3 Qh6 19. Bd5 Rad8 20. Rhd1
Rxd5 {Normal} 0-1

[Event "Rated Blitz game"]
[Site "?"]
[Date "2021.05.26"]
[Round "?"]
[White "weavthemates"]
[Black "TheMonsterNotTheNM"]
[Result "0-1"]
[WhiteElo "2497"]
[BlackElo "2453"]
[PlyCount "130"]
[EventDate "2021.??.??"]
[EventType "blitz"]

1. e4 e5 2. Nf3 d5 3. Nxe5 Bd6 4. d4 dxe4 5. Nc3 Bxe5 6. dxe5 Qxd1+ 7. Nxd1 Nc6
8. Bf4 Nge7 9. Nc3 Ng6 10. Bg3 Bg4 11. Bb5 O-O-O 12. Bxc6 bxc6 13. Nxe4 Bf5 14.
Ng5 Rd5 15. c4 Rd4 16. b3 f6 17. exf6 gxf6 18. Nf3 Re8+ 19. Kf1 Bd3+ 20. Kg1
Rde4 21. h4 h5 22. Kh2 f5 23. Rhe1 f4 24. Bxf4 Nxf4 25. Rad1 Be2 26. Ng5 Nd3
27. Rxe2 Rxe2 28. Rxd3 Rxf2 29. Nh3 Rxa2 30. Nf4 Rg8 31. Kh3 Rg4 32. g3 Rg8 33.
Nxh5 a5 34. Nf6 Rf8 35. Ne4 Rf1 36. Nc5 Rg1 37. Re3 Kb8 38. Kg4 Ka7 39. h5 Kb6
40. Nd7+ Kb7 41. h6 Rh2 42. Nc5+ Kb6 43. Nd7+ Ka6 44. Kg5 a4 45. g4 Ka5 46. Nc5
Kb4 47. Nd3+ Ka5 48. bxa4 Ka6 49. Nc5+ Ka7 50. Ne6 Kb6 51. Rb3+ Ka5 52. Nd4
Kxa4 53. Ra3+ Kxa3 54. Nc2+ Ka2 55. Kf6 Kb2 56. Kf7 Kxc2 57. Ke8 Kc3 58. Kd8
Kxc4 59. Kxc7 Kc3 60. Kd6 Kc2 61. Kc7 Kc1 62. Kd6 Re1 63. Kc7 Rd1 64. Kb7 Rdd2
65. Kc7 Rd3 {Time forfeit} 0-1

[Event "Rated Blitz game"]
[Site "?"]
[Date "2021.05.26"]
[Round "?"]
[White "garri1976"]
[Black "pasha1984"]
[Result "0-1"]
[WhiteElo "2430"]
[BlackElo "2344"]
[PlyCount "94"]
[EventDate "2021.??.??"]
[EventType "blitz"]

1. e4 e5 2. Nf3 d5 3. Nxe5 dxe4 4. Bc4 Qg5 5. d4 Qxg2 6. Rf1 Be6 7. Bxe6 fxe6
8. Nc3 Nf6 9. Be3 Bb4 10. Qd2 Nc6 11. Nxc6 bxc6 12. O-O-O O-O-O 13. Rg1 Qxh2
14. Rxg7 Nd5 15. Qe2 Kb7 16. Nxe4 Rhg8 17. Rxg8 Rxg8 18. a3 Be7 19. c4 Nxe3 20.
Qxe3 Rg1 21. Rxg1 Qxg1+ 22. Kc2 Qf1 23. Kc3 h5 24. Ng3 Qh3 25. d5 cxd5 26. cxd5
h4 27. Qf3 Bd6 28. dxe6+ Kb6 29. Qe3+ c5 30. Nf1 Qxe3+ 31. Nxe3 h3 32. Ng4 Kc6
33. Kc4 h2 34. Nxh2 Bxh2 35. b4 cxb4 36. axb4 Kd6 37. Kb5 Kxe6 38. Ka6 Bg1 39.
Kxa7 Bxf2+ 40. Kb7 Kd6 41. b5 Kc5 42. Kc7 Bg3+ 43. Kb7 Bf4 44. b6 Be5 45. Ka7
Bd4 46. b7 Kc6+ 47. Ka8 Ba7 {Time forfeit} 0-1

[Event "Rated Blitz game"]
[Site "?"]
[Date "2021.05.26"]
[Round "?"]
[White "Udar59"]
[Black "elcabusin"]
[Result "1-0"]
[WhiteElo "2403"]
[BlackElo "2379"]
[PlyCount "83"]
[EventDate "2021.??.??"]
[EventType "blitz"]

1. e4 e5 2. Nf3 d5 3. exd5 e4 4. Ne5 Qxd5 5. d4 exd3 6. Nxd3 Nf6 7. Nc3 Qe6+ 8.
Qe2 Bd6 9. Qxe6+ Bxe6 10. Be2 Nc6 11. O-O O-O-O 12. Be3 Bf5 13. a3 Rhe8 14.
Rfe1 Ne5 15. Bxa7 Nc4 16. b3 Ne5 17. Be3 Neg4 18. Bg5 Bxh2+ 19. Kf1 Bxd3 20.
Bxd3 Be5 21. Bf5+ Kb8 22. Bxg4 Bxc3 23. Bxf6 Bxf6 24. Rxe8 Rxe8 25. Rd1 Re7 26.
c4 g6 27. g3 h5 28. Bf3 h4 29. gxh4 Bxh4 30. c5 Bf6 31. b4 Bb2 32. a4 Bc3 33.
b5 Ba5 34. c6 bxc6 35. Bxc6 Ka7 36. Rd8 Kb6 37. Ra8 Kc5 38. Rxa5 Kc4 39. Ra7
Kc5 40. a5 Kd4 41. b6 cxb6 42. Rxe7 {Normal} 1-0

[Event "Rated Blitz game"]
[Site "?"]
[Date "2021.05.26"]
[Round "?"]
[White "SomeCM"]
[Black "KamranShirazi"]
[Result "1-0"]
[WhiteElo "2425"]
[BlackElo "2574"]
[PlyCount "157"]
[EventDate "2021.??.??"]
[EventType "blitz"]

1. e4 e5 2. Nf3 d5 3. exd5 e4 4. Qe2 Nf6 5. Nc3 Be7 6. Nxe4 Nxd5 7. d3 O-O 8.
g3 f5 9. Nc3 Bb4 10. Bd2 Re8 11. Ne5 Nc6 12. f4 Nxe5 13. fxe5 Nxc3 14. Bxc3
Bxc3+ 15. bxc3 Qd5 16. Bg2 Qxe5 17. Qxe5 Rxe5+ 18. Kd2 Rb8 19. Rhe1 Rxe1 20.
Rxe1 Kf8 21. Re5 b6 22. d4 Bd7 23. h4 Re8 24. Rxe8+ Kxe8 25. Ke3 Ke7 26. Kf4
Kf6 27. a3 g6 28. Ke3 h6 29. c4 g5 30. hxg5+ hxg5 31. c3 Be6 32. Bf1 Bf7 33.
Bd3 Bg8 34. Be2 Bf7 35. Bf1 Be8 36. Be2 Ba4 37. Bd3 Bb3 38. Be2 Bc2 39. Bf1 Kg6
40. Be2 Bb1 41. Bf1 Be4 42. Be2 Bb1 43. Bf1 a6 44. Be2 a5 45. Bf1 Bc2 46. Be2
Kf6 47. Bf1 Bd1 48. Bd3 Kg6 49. Bb1 Bg4 50. Bd3 Bh3 51. Be2 Bg2 52. Bd3 Bh1 53.
Be2 Be4 54. Bf1 Kf6 55. Be2 Bb1 56. Bf1 Ke6 57. Be2 Kd6 58. Bf1 Kc6 59. Bg2+
Kd6 60. Bf1 Bc2 61. Be2 Bb3 62. Bf1 c6 63. Be2 Ba4 64. Bf1 Ke6 65. Be2 b5 66.
cxb5 Bxb5 67. c4 Ba4 68. Bd3 Bb3 69. Be2 Kd6 70. Bd3 Ke6 71. Be2 c5 72. dxc5
Ke5 73. Bd3 f4+ 74. gxf4+ gxf4+ 75. Kf2 Ba4 76. Be2 Kd4 77. c6 Bxc6 78. Ke1 Kc3
79. Bf1 {Time forfeit} 1-0

[Event "Rated Blitz game"]
[Site "?"]
[Date "2021.05.26"]
[Round "?"]
[White "Quijoteajedrecista"]
[Black "KamranShirazi"]
[Result "0-1"]
[WhiteElo "2457"]
[BlackElo "2517"]
[PlyCount "84"]
[EventDate "2021.??.??"]
[EventType "blitz"]

1. e4 e5 2. Nf3 d5 3. exd5 e4 4. Qe2 Nf6 5. d3 Bb4+ 6. Nfd2 O-O 7. dxe4 Re8 8.
c3 Bc5 9. Qc4 Bb6 10. Be2 c6 11. O-O cxd5 12. exd5 Nxd5 13. Bf3 Be6 14. Qd3 Nc6
15. Nc4 Nxc3 16. Qxc3 Bd4 17. Qc2 Nb4 18. Qb3 b5 19. Qxb4 Bxc4 20. Nd2 a5 21.
Qa3 b4 22. Qa4 Bd3 23. Bxa8 Qxa8 24. Nf3 Bxf1 25. Kxf1 Bf6 26. Be3 Bxb2 27. Rd1
h6 28. h3 Rc8 29. Rd7 Bf6 30. Qb3 Rf8 31. Bc5 Qc6 32. Qd5 Qxd5 33. Rxd5 Rc8 34.
Nd4 Bxd4 35. Bxd4 Rc1+ 36. Ke2 Rc2+ 37. Ke3 Rxa2 38. Bb6 a4 39. Rd4 b3 40. Ba5
b2 41. Rb4 a3 42. Rb3 Ra1 {Time forfeit} 0-1